| 000 | 00506nam a2200121Ia 4500 | ||
|---|---|---|---|
| 008 | 170221s9999 xx 000 0 und d | ||
| 100 | _aAndreas Hoepner | ||
| 245 | 4 | _aThe Effects of Corporate and Country Sustainability Characteristics on The Cost of Debt: An International Investigation (pages 158–190) | |
| 245 | _cAndreas Hoepner, Ioannis Oikonomou, Bert Scholtens and Michael Schröder | ||
| 260 | _c2011 | ||
| 650 | _xBusiness | ||
| 856 | _uhttp://onlinelibrary.wiley.com/doi/10.1111/jbfa.12183/epdf | ||
| 999 |
_c309792 _d309792 |
||